• 首页
  • 本馆介绍
  • 公告通知
  • 最新文献
  • 馆藏检索
  • 电子资源
  • 读者导购
  • 参考咨询
  • 我的图书馆
  • 登录
  • 详细信息显示
  • 放入我的书架
  • 预约/预借图书
  • 作者相关作品
  • 分类相关作品
  • 丛书相关作品
  • 出版社相关作品

书目信息

  • 表格格式
  • 工作单格式
  • 卡片格式
题名:
经典动力学
    
 
作者: 格林伍德 著 ;孙国锟 译
分册:  
出版信息: 北京   科学出版社  1982
页数: 407页
开本: 19cm
丛书名:
单 册:
中图分类: O313
科图分类:
主题词: 动力学
电子资源:
ISBN:
000 00713nam0 2200253 45
001 0182001273
005 20060817105434.31
010    @dCNY2.00
091    @a13031.1926
100    @a19950427d1982 em y0chiy0121 ea
101 1  @achi@ceng
102    @aCN@b110000
105    @ay z 000yy
200 10 @a经典动力学@Ajing dian dong li xue@f(美)D·T·格林伍德著@F(mei)D·T·ge lin wu de zhu@g孙国锟译
210    @a北京@c科学出版社@d1982
215    @a407页@d19cm
510 1  @aClassical dynamics.@zeng
606    @a动力学
690    @aO313@v3
701  0 @a格林伍德@Age lin wu de@4著
702  0 @a孙国锟@Asun guo kun@4译
801  2 @aCN@bNLC@c20060817
801  0 @aCN@b上海图书馆@c20060724
905    @dO313@e3
    
    经典动力学/(美)D·T·格林伍德著/孙国锟译.-北京:科学出版社,1982
    407页;19cm
    
    
    ISBN :CNY2.00
    
●
相关链接 在E读中查询图书 在五车中查询图书 在当当中查询图书 在豆瓣中查询图书


正题名:经典动力学     索取号:O313/3         预约/预借

序号 登录号 条形码 馆藏地/架位号 状态 备注
1 0105803   001937952   第三借阅区/ [索取号:O313/3] 在馆    
2 0105804   000384355   第三借阅区/ [索取号:O313/3] 在馆    
3 0105805   000384364   第二样本阅览室/ [索取号:O313/3] 在馆    
4 0420028   204200284   密集书库/ [索取号:O313/3] 在馆    
5 0430987   204309872   密集书库/ [索取号:O313/3] 在馆    
6 0468393   204683930   密集书库/ [索取号:O313/3] 在馆    
唐山师范学院图书馆 欢迎您!
大连网信软件有限公司© 版权所有